| 000 | 00913nam a22002655a 4500 | ||
|---|---|---|---|
| 001 | 016053500 | ||
| 003 | OSt | ||
| 005 | 20151026110033.0 | ||
| 008 | 120315t2010 xxka frbf 001 0 eng d | ||
| 020 | _a9780857933300 (pbk.) | ||
| 040 |
_aEG-ScBUE _beng _dEG-ScBUE |
||
| 082 | 0 | 4 |
_a338.04 _222 _bHAN |
| 245 | 0 | 0 |
_aHandbook of research on social entrepreneurship / _cedited by Alain Fayolle, Harry Matlay. |
| 260 |
_aCheltenham ; _aNorthampton : _bEdward Elgar, _cc.2010 _f(MPG Books Group) |
||
| 300 |
_aviii, 336 p. : _bill. ; _c24 cm. |
||
| 490 | 0 | _aElgar original reference | |
| 500 | _aIndex : p. 327-336. | ||
| 504 | _aIncludes bibliographical references. | ||
| 650 | 7 |
_aSocial entrepreneurship. _935712 _2BUEsh |
|
| 651 | _2BUEsh | ||
| 653 |
_bBUSADM _cMarch2014 _cJune2015 _cOctober2015 |
||
| 700 | 1 |
_a Fayolle, Alain _eeditor. _935713 |
|
| 700 | 1 |
_aMatlay, Harry _eeditor. _935714 |
|
| 942 |
_2ddc _k338.04 HAN |
||
| 999 |
_c18133 _d18105 |
||